Carbondale sudden death - Statistics

General Stats
  • This quiz has been taken 14 times
  • The average score is 2 of 10
Answers on the Grid
Answers color-coded by a green-red scale on the quiz's grid according to % correct below.
Illinois
Alaska
Idaho
Oklahoma
Hawaii
Alabama
Arizona
Arkansas
Wyoming
Indiana
Pennsylvania
Nebraska
Ohio
Kansas
New York
New Jersey
New Hampshire
Utah
Georgia
Tenessee
North Carolina
South Carolina
Michigan
California
Colorado
Rhode Island
Connecticut
Wisconsin
Mississippi
Massachusetts
 
Answer Stats
Answer % Correct
Illinois
67%
Pennsylvania
33%
Colorado
17%
Georgia
17%
Indiana
17%
Kansas
17%
California
0%
Michigan
0%
Ohio
0%
Oklahoma
0%
No matching quizzes found
Score Distribution
Percent of People with Each Score
Percentile by Number Answered
Your Score History
You have not taken this quiz